Capital Cities by Flag of Country - Statistics

General Stats
  • This quiz has been taken 27 times
  • The average score is 12 of 16
Answer Stats
Picture Answer % Correct
Cairo
95%
Seoul
95%
Ankara
90%
Ottawa
90%
Stockholm
90%
Athens
85%
Tirana
80%
Phnom Penh
75%
Mogadishu
70%
Quito
70%
Port Moresby
65%
Thimphu
60%
Tashkent
55%
Belmopan
50%
Georgetown
50%
Lomé
45%
No matching quizzes found
Score Distribution
Percent of People with Each Score
Percentile by Number Answered
Your Score History
You have not taken this quiz